[Event "CZE-chT2C 1718"]
[Site "Czech Republic"]
[Date "2018.01.14"]
[Round "6.8"]
[White "Stolba, Milos"]
[Black "Rolinek, Frantisek"]
[Result "1-0"]
[WhiteElo "2058"]
[BlackElo "1872"]
[PlyCount "73"]
[EventDate "2017.10.15"]
[EventType "team-tourn"]
[EventRounds "11"]
[EventCountry "CZE"]
[SourceTitle "EXT 2022"]
[Source "ChessBase"]
[SourceDate "2021.10.06"]
[SourceVersion "1"]
[SourceVersionDate "2021.10.06"]
[SourceQuality "1"]
[WhiteTeam "Kutna Hora"]
[BlackTeam "Ceske Budejovice"]
[WhiteTeamCountry "CZE"]
[BlackTeamCountry "CZE"]

1. d4 Nf6 2. Nf3 e6 3. c4 Bb4+ 4. Nbd2 c5 5. a3 Bxd2+ 6. Bxd2 cxd4 7. Nxd4 Qb6 8. Nb5 0-0 9. Be3 Qc6 10. Nxa7 Rxa7 11. Bxa7 Na6 12. Bd4 Ng4 13. f3 Nh6 14. e4 f5 15. e5 g5 16. Bd3 Nc5 17. Bc2 b6 18. b4 Nb7 19. Qd3 g4 20. 0-0-0 Rf7 21. Qd2 f4 22. Qe2 d5 23. exd6 Qxd6 24. fxg4 e5 25. Qxe5 Qxe5 26. Bxe5 Nxg4 27. Bd4 Ne3 28. Rde1 Nxc4 29. Re8+ Rf8 30. Bxh7+ Kf7 31. Bg6+ Kg8 32. Rxf8+ Kxf8 33. h4 Nbd6 34. h5 Nf5 35. h6 Nxd4 36. h7 Ne2+ 37. Kd1 1-0

[Event "CZE-chT2C 1718"]
[Site "Czech Republic"]
[Date "2017.10.15"]
[Round "1.8"]
[White "Rolinek, Frantisek"]
[Black "Vojta, Jakub"]
[Result "0-1"]
[WhiteElo "1872"]
[BlackElo "1944"]
[PlyCount "50"]
[EventDate "2017.10.15"]
[EventType "team-tourn"]
[EventRounds "11"]
[EventCountry "CZE"]
[SourceTitle "EXT 2022"]
[Source "ChessBase"]
[SourceDate "2021.10.06"]
[SourceVersion "1"]
[SourceVersionDate "2021.10.06"]
[SourceQuality "1"]
[WhiteTeam "Ceske Budejovice"]
[BlackTeam "Vlasim"]
[WhiteTeamCountry "CZE"]
[BlackTeamCountry "CZE"]

1. e4 c5 2. f4 d5 3. exd5 Nf6 4. Bb5+ Bd7 5. Bxd7+ Nbxd7 6. c4 g6 7. Qe2 Qb8 8. d3 b5 9. Nc3 a6 10. Nh3 Bg7 11. 0-0 0-0 12. Ng5 Re8 13. f5 Qe5 14. fxg6 hxg6 15. Nce4 bxc4 16. dxc4 Nxe4 17. Nxf7 Qd4+ 18. Be3 Qxb2 19. Qg4 Ne5 20. Qxe4 Nxf7 21. Rxf7 Qxa1+ 22. Rf1 Qe5 23. Qd3 Rf8 24. Bxc5 Rxf1+ 25. Qxf1 Rf8 0-1

[Event "Tabor op"]
[Site "Tabor"]
[Date "2013.08.02"]
[Round "7"]
[White "Rolinek, Frantisek"]
[Black "Kaucky, Jaroslav"]
[Result "1-0"]
[WhiteElo "1000"]
[BlackElo "1783"]
[PlyCount "97"]
[EventDate "2013.07.28"]
[EventType "swiss"]
[EventRounds "9"]
[EventCountry "CZE"]
[SourceTitle "CBM 155 Extra"]
[Source "ChessBase"]
[SourceDate "2013.08.26"]
[SourceVersion "1"]
[SourceVersionDate "2013.08.26"]
[SourceQuality "1"]

1. e4 e5 2. Nf3 Nc6 3. Bc4 Nd4 4. Nxe5 Qg5 5. Bxf7+ Ke7 6. 0-0 Qxe5 7. Bb3 Nxb3 8. axb3 Nf6 9. d4 Qh5 10. e5 Ng4 11. h3 d5 12. exd6+ cxd6 13. Re1+ Kd8 14. hxg4 Bxg4 15. Qd2 b6 16. Nc3 Be7 17. Ne4 a6 18. Ng3 Qg6 19. c4 d5 20. c5 h5 21. cxb6 Qxb6 22. Qa5 Qxa5 23. Rxa5 Bb4 24. Rxd5+ Kc7 25. Rf1 h4 26. Rg5 Bd7 27. Bf4+ Kb6 28. Rxg7 Bc6 29. Ne2 h3 30. g4 h2+ 31. Bxh2 Rxh2 32. Kxh2 Bf3 33. Ng3 Rh8+ 34. Kg1 Bd6 35. Rg6 Kc7 36. Rc1+ Kd7 37. Rc3 Bd5 38. Nh5 Bf7 39. Rg7 Ke7 40. Re3+ Kf8 41. Rf3 a5 42. Rfxf7+ Ke8 43. Nf6+ Kd8 44. Rd7+ Kc8 45. Rxd6 a4 46. Ra6 Kb8 47. Rxa4 Rc8 48. Nd7+ Kb7 49. Nc5+ 1-0